Skhrony (bunkery) Volyni /
Saved in:
| Main Author: | |
|---|---|
| Other Authors: | |
| Format: | Book |
| Language: | Ukrainian |
| Published: |
Lut͡sʹk :
VAT "Volynsʹka oblasna drukarni͡a",
2010.
|
| Subjects: | |
| Tags: |
Add Tag
No Tags, Be the first to tag this record!
|
| LEADER | 01519nam a22003374a 4500 | ||
|---|---|---|---|
| 001 | 012566176-2 | ||
| 005 | 20110825171910.0 | ||
| 008 | 100415s2010 un a 000 0 ukro | ||
| 010 | |a 2010415989 | ||
| 020 | |a 9789663612508 | ||
| 035 | 0 | |a ocn635860839 | |
| 040 | |a DLC |c DLC | ||
| 043 | |a e-un--- | ||
| 050 | 0 | 0 | |a DK508.9.V65 |b Z37 2010 |
| 100 | 1 | |6 880-01 |a Zasi͡ekin, Volodymyr, |d 1940- | |
| 245 | 1 | 0 | |6 880-02 |a Skhrony (bunkery) Volyni / |c Volodymyr Zasi͡ekin, Mykola Kot͡s. |
| 260 | |6 880-03 |a Lut͡sʹk : |b VAT "Volynsʹka oblasna drukarni͡a", |c 2010. | ||
| 300 | |a 83 p. : |b ill. ; |c 20 cm. | ||
| 500 | |a "Moskovsʹka okupat͡sii͡a Zakhidnoï Ukraïny 1939-1941, povtorna 1944-1991 roky"--Cover. | ||
| 651 | 0 | |a Volynsʹka oblastʹ (Ukraine) |x History |y 20th century |v Sources. | |
| 650 | 0 | |a Bunkers (Fortification) |z Ukraine |z Volynsʹka oblastʹ |x History |v Sources. | |
| 650 | 0 | |a Government, Resistance to |z Ukraine |z Volynsʹka oblastʹ |x History |v Sources. | |
| 650 | 0 | |a World War, 1939-1945 |x Underground movements |z Ukraine |z Volynsʹka oblastʹ |x History |v Sources. | |
| 700 | 1 | |6 880-04 |a Kot͡s, Mykola, |d 1930- | |
| 880 | 1 | |6 100-01 |a Засєкін, Володимир, |d 1940- | |
| 880 | 1 | 0 | |6 245-02 |a Схрони (бункери) Волині / |c Володимир Засєкін, Микола Коц. |
| 880 | |6 260-03 |a Луцьк : |b ВАТ "Волинська обласна друкарня", |c 2010. | ||
| 880 | 1 | |6 700-04 |a Коц, Микола, |d 1930- | |
| 899 | |a 415_565289 | ||
| 988 | |a 20100909 | ||
| 906 | |0 DLC | ||


